|
|
|
|
| LEADER |
02649nam a22005055i 4500 |
| 001 |
978-3-642-22537-6 |
| 003 |
DE-He213 |
| 005 |
20151204174746.0 |
| 007 |
cr nn 008mamaa |
| 008 |
120302s2012 gw | s |||| 0|eng d |
| 020 |
|
|
|a 9783642225376
|9 978-3-642-22537-6
|
| 024 |
7 |
|
|a 10.1007/978-3-642-22537-6
|2 doi
|
| 040 |
|
|
|d GrThAP
|
| 050 |
|
4 |
|a TL787-4050.22
|
| 072 |
|
7 |
|a TRP
|2 bicssc
|
| 072 |
|
7 |
|a TTDS
|2 bicssc
|
| 072 |
|
7 |
|a TEC002000
|2 bisacsh
|
| 082 |
0 |
4 |
|a 629.1
|2 23
|
| 100 |
1 |
|
|a Alber, Irwin E.
|e author.
|
| 245 |
1 |
0 |
|a Aerospace Engineering on the Back of an Envelope
|h [electronic resource] /
|c by Irwin E. Alber.
|
| 264 |
|
1 |
|a Berlin, Heidelberg :
|b Springer Berlin Heidelberg :
|b Imprint: Springer,
|c 2012.
|
| 300 |
|
|
|a XXII, 326 p.
|b online resource.
|
| 336 |
|
|
|a text
|b txt
|2 rdacontent
|
| 337 |
|
|
|a computer
|b c
|2 rdamedia
|
| 338 |
|
|
|a online resource
|b cr
|2 rdacarrier
|
| 347 |
|
|
|a text file
|b PDF
|2 rda
|
| 490 |
1 |
|
|a Springer Praxis Books
|
| 505 |
0 |
|
|a Space Shuttle Performance Estimates -- Columbia Shuttle Accident Analysis -- Reentry and Landing of the Orbiter -- Hubble Space Telescope Design -- Solenoid Robot Kicker Design using BotE Techniques.
|
| 520 |
|
|
|a Engineers need to acquire “Back-of-the-Envelope” survival skills to obtain rough quantitative answers to real-world problems, particularly when working on projects with enormous complexity and very limited resources. In the case studies treated in this book, we show step-by-step examples of the physical arguments and the resulting calculations obtained using the quick-fire method. We also demonstrate the estimation improvements that can be obtained through the use of more detailed physics-based Back-of-the-Envelope engineering models. These different methods are used to obtain the solutions to a number of design and performance estimation problems arising from two of the most complex real-world engineering projects: the Space Shuttle and the Hubble Space Telescope satellite.
|
| 650 |
|
0 |
|a Engineering.
|
| 650 |
|
0 |
|a Space sciences.
|
| 650 |
|
0 |
|a Engineering design.
|
| 650 |
|
0 |
|a Aerospace engineering.
|
| 650 |
|
0 |
|a Astronautics.
|
| 650 |
1 |
4 |
|a Engineering.
|
| 650 |
2 |
4 |
|a Aerospace Technology and Astronautics.
|
| 650 |
2 |
4 |
|a Engineering Design.
|
| 650 |
2 |
4 |
|a Extraterrestrial Physics, Space Sciences.
|
| 710 |
2 |
|
|a SpringerLink (Online service)
|
| 773 |
0 |
|
|t Springer eBooks
|
| 776 |
0 |
8 |
|i Printed edition:
|z 9783642225369
|
| 830 |
|
0 |
|a Springer Praxis Books
|
| 856 |
4 |
0 |
|u http://dx.doi.org/10.1007/978-3-642-22537-6
|z Full Text via HEAL-Link
|
| 912 |
|
|
|a ZDB-2-EES
|
| 950 |
|
|
|a Earth and Environmental Science (Springer-11646)
|